Chansons de Céline Dion - Mort subite - Statistiques

Statistiques générales
  • Ce quiz a été pris 3 343 fois
  • Le résultat moyen est 10 sur 15
Answers on the Grid
Answers color-coded by a green-red scale on the quiz's grid according to % correct below.
La vie en rose
Mon mec à moi
Ne partez pas sans moi
L'aigle noir
L'hymne à l'amour
Pour que tu m'aimes encore
Joe le taxi
My heart will go on
Le dernier jour du Disco
Tout l'or des hommes
S'il suffisait d'aimer
Like a virgin
Comment te dire adieu
Encore un soir
Un garçon pas comme les autres (Ziggy)
Pookie
D'amour ou d'amitié
I will always love you
Je sais pas
Sans contrefaçon
Parler à mon père
Zen
All by myself
La grenade
I'm alive
Ce n'était qu'un rêve
Maman
J'irai où tu iras
All I want for Christmas is you
On ne change pas
 
Statistiques - réponses
Réponse % Correct
Pour que tu m'aimes encore
84%
J'irai où tu iras
83%
My heart will go on
80%
Parler à mon père
78%
S'il suffisait d'aimer
78%
Encore un soir
76%
All by myself
73%
I'm alive
66%
Ne partez pas sans moi
64%
D'amour ou d'amitié
61%
On ne change pas
60%
Un garçon pas comme les autres (Ziggy)
53%
Je sais pas
51%
Tout l'or des hommes
43%
Ce n'était qu'un rêve
35%
Aucun quiz correspondant
Distribution des résultats
% des personnes avec chaque résultat
Percentile par nombre de réponses
Votre historique - résultats
Vous n’avez pas pris ce quiz